000
00169 a2200097 4500
001
30756
100
_a
245
_a
260
_a
_b
Purnell
_c
090
_c
20688
_d
20688
942
_a
NUST-CAE
_c
_c
11878
999
_c
265829
_d
265829